000 00315nam a2200121Ia 4500
008 210430s9999 xx 000 0 und d
082 _a547.29 S615 F
100 _aTanuja Singh
_954346
245 _aFermentation Technology
_cTanuja Singh
260 _aIndia
_bAgrobios
_c2008
300 _a392 p
942 _cBK
_2ddc
999 _c564906
_d564906